| 000 | 00768nam a2200217 i 4500 | ||
|---|---|---|---|
| 001 | 95871 | ||
| 003 | ES-MaACL | ||
| 005 | 20250816085425.0 | ||
| 007 | t| | ||
| 008 | 050606s1971 xxk ||||1| eng d | ||
| 245 | 1 | 4 |
_aThe Alistair Mcalpine gift : _b[catalogue of an exhibition held at] the Tate Gallery, 30 June-22 August 1971 / _cAlistair Mcalpine. |
| 260 |
_aLondon : _bTate Gallery, _c1971. |
||
| 300 |
_a136 p., 24 lám. col. y n. : _bil. ; _c21 x 21 cm. |
||
| 600 | 1 | 4 |
_aMacalpine, Alistair- _xColecciones de arte. _9173559 |
| 650 | 0 |
_aEscultura- _yS.XX- _vExposiciones _9185010 |
|
| 655 | 7 |
_2tgfbne _9193628 _aCatálogos de exposiciones |
|
| 710 | 2 |
_aTate Gallery. _96912 |
|
| 852 |
_aES-MaACL _jC-41947 |
||
| 942 | _2udc | ||
| 999 |
_c95871 _d95871 |
||